000 00904cam a22002537a 4500
005 20220329141148.0
008 971010s1980 r 00010 d
010 _a63654
011 _a64626
035 _a70490
082 _a630.717
_bM4
110 _aMéxico. Dirección General de Distritos y Unidades de Riego
_976972
245 1 3 _aLa comunicación como instrumento eficaz de trabajo
_b: nivel técnico superior
260 _aMéxico, D. F. :
_bDirección General de Distritos y Unidades de Riego,
_c1980
300 _a113 p
500 _aFotocopia
590 _aBATCH-UPD
_b10
_c20130110
_lUCH01
_h1806
590 _aBATCH-UPD
_b10
_c20130410
_lUCH01
_h1142
590 _aBATCH-UPD
_b10
_c20130914
_lUCH01
_h1024
590 _aCONVERSION
_b10
_c20130109
_lUCH01
_h1334
650 1 4 _aComunicación en agricultura.
_926212
901 _aBK
949 _a630.717 M4
_bZA
_cLIBRO
_d-2845
_eLIBRO
_h5499
_i70490
_si
999 _c63654
_d63654